000 00810nam a2200325Ia 4500
001 7881
005 20240113234039.0
007 ta
008 170217s1996 ii a g b000 u 465 u
020 _a81-85712-78-6
040 _aCotton College Assam
041 _a465
082 _a576
_bKa 16 In
100 _aKaushik, Purshotam .
245 0 _aIntroductory Microbiology /
_cPurshotam Kaushik.
_hTextual Documents
250 _a1st ed. /
260 _aDelhi :
_bEmkay Publications ,
_c1996.
300 _aviii, 344p. :
_bill ;
_c24cm. .
504 _aIndex
653 _aBiology
653 _aBotany
653 _aMicrobiology
653 _aG-Biology
942 _2ddc
_cBK
999 _c7868
_d7868